Os 15 principais países afetados pela Covid-19; 6 setembro - Statistics

Estatísticas Gerais
  • Esse quiz foi jogado 10 vezes
  • A pontuação média é 11 de 23
Estatísticas das Respostas
país % Correto
Estados Unidos
100%
México
90%
Brasil
80%
Índia
80%
Espanha
70%
Reino Unido
70%
Rússia
70%
Argentina
60%
Colômbia
60%
França
60%
Chile
50%
Chile
50%
Peru
50%
África do Sul
40%
Irão
40%
Bangladesh
30%
Catar
20%
Israel
20%
Kuweit
20%
Panamá
20%
Armênia
10%
Omã
10%
Bahrein
0%
Nenhum quiz correspondente encontrado
Distribuição das Pontuações
Porcentagem de Pessoas com Cada Pontuação
Percentil de Números Respondidos
Sua Pontuação Histórica
Você não jogou esse quiz